| 000 | 00830cam a2200205 i 4500 | ||
|---|---|---|---|
| 005 | 20251112104501.0 | ||
| 008 | 250721s1997 le gr 000 0 ara d | ||
| 082 | 1 | 4 |
_a189 _bش ر ق |
| 100 | 1 |
_aالشرقاوي، محمد عبد الله _eمؤلف. |
|
| 245 | 1 | 2 |
_aالأسباب والمسببات : _bدراسة تحليلية مقارنة للغزالي وابن رشد وابن عربي / _cتأليف الدكتور محمد عبدالله الشرقاوي. |
| 250 | _aالطبعة الأولى. | ||
| 264 | 3 | 1 |
_aبيروت : _bدار الجيل، _c1997. |
| 300 | _a360 صفحة. | ||
| 650 | 1 | 7 | _aالفلسفة الإسلامية. |
| 650 | 1 | 7 | _aفلسفة الغزالي. |
| 650 | 1 | 7 | _aفلسفة إبن عربي. |
| 650 | 1 | 7 | _aفلسفة إبن رشد. |
| 942 |
_2ddc _cBK |
||
| 999 |
_c65818 _d65818 |
||